000 01231cam a2200325 4500
001
008 010921n2001 000 0 eng u
020 _a1870308336
035 _a(Sirsi) u114754
050 _a658.91
100 _aHyett, P.
245 _aIn practice
260 _aLondon
_bEmap Construct
_c2001
300 _a160p.
_bill.
_c21cm.
350 _a7.99
520 _aA guide to running a practice by the President of RIBA for 2001-2002. Although primarily aimed at architects the book contains a wealth of useful information for anybody working in a small or medium sized practice with chapters on: good practice, professionalism and risk management; appointments and fees; office and personnel management; understanding legislation; successful dispute resolution; and avoiding simple mistakes.
650 _aARCHITECTS
650 _aARCHITECTURAL PRACTICE
650 _aBEST PRACTICE
650 _aDISPUTE RESOLUTION
_96236
650 _aFEES
650 _aHUMAN RESOURCES MANAGEMENT
650 _aLEGISLATION
650 _aPERSONNEL MANAGEMENT
650 _aPRACTICE MANAGEMENT
650 _aRISK MANAGEMENT
650 _aTENDERING
690 _aMANAGEMENT-BUSINESS MANAGEMENT
942 _n0
999 _c101664
_d101664